00367nam a2200157Ia 4500008004100000041000800041100001100049245004600060260003500106300000800141365001200149500000800161520001200169650000900181999001900190230605s2003 xx 000 0 und d aeng aHaddon aMastering Person and Interpersonal Skills bViva books Mumbai c2003c2003 a286 b716h20 a191 aGeneral aM.M. c417877d417877